Movies Quiz

Random Movies or Role Quiz

5-Star Movie Characters IV Quiz Stats

Quiz Updated Apr 12, 2015

Challenge
Share
Tweet
Embed
Score 0/35 Timer 08:00
3 Plays Today
% Correct
Derek Zoolander
95%
Greg Focker
92.6%
Forrest Gump
92.3%
Danny Ocean
86.6%
William Wallace
82.8%
Michael Corleone
81.3%
Daredevil
79.5%
Tony Montana
78.1%
David Starsky
77.2%
Charlie Wilson
75.7%
Frank Serpico
71.8%
Michael Clayton
70.6%
Robert Langdon
66.5%
Bret Maverick
63%
Martin Riggs
62.6%
Benjamin Franklin Gates
60.8%
Jack Ryan
60.3%
Jim Lovell
58.2%
% Correct
Agent Carl Hanratty
53.8%
Max Rockatansky
50.6%
White Goodman
50.4%
Cameron Poe
50.2%
Stanley Goodspeed
46.5%
Memphis Raines
43.9%
Lt. Col. Frank Slade
41.3%
A.J. Frost
35.8%
Ulysses Everett McGill
32.6%
Cap. Rafe McCawley
30.3%
Ted Stroehmann
29.4%
Tony Mendez
28.4%
Billy 'Skip' Tyne
26.3%
Lt. Vincent Hanna
26.1%
Jimmy 'Dodge' Connelly
25.4%
H.I. McDunnough
21.9%
Rev. Graham Hess
21%

You're not logged in!

Compare scores with friends on all Sporcle quizzes.
Join for Free
OR
Log In

You Might Also Like...

Show Comments

Extras

Top Quizzes Today


Score Distribution

Your Account Isn't Verified!

In order to create a playlist on Sporcle, you need to verify the email address you used during registration. Go to your Sporcle Settings to finish the process.

Report this User

Report this user for behavior that violates our Community Guidelines.

Details: